High-scoring ielts writing model answers (based on past papers)
High-scoring IELTS Writing Model Answers (Based On Past Papers) High-scoring IELTS Writing Model Answers has the follow-ing important features:1. Selected IELTS actual tests2. Model essays from experienced teachers3. Strategy transfer4
Αποθηκεύτηκε σε:
| Κύριος συγγραφέας: | |
|---|---|
| Μορφή: | Βιβλίο |
| Γλώσσα: | Undetermined |
| Έκδοση: |
Thành phố Hồ Chí Minh
Tổng hợp
2014
|
| Θέματα: | |
| Ετικέτες: |
Προσθήκη ετικέτας
Δεν υπάρχουν, Καταχωρήστε ετικέτα πρώτοι!
|
| Thư viện lưu trữ: | Trung tâm Học liệu Trường Đại học Cần Thơ |
|---|
| LEADER | 01020nam a2200217Ia 4500 | ||
|---|---|---|---|
| 001 | CTU_202326 | ||
| 008 | 210402s9999 xx 000 0 und d | ||
| 020 | |c 188000 | ||
| 082 | |a 428.0076 | ||
| 082 | |b F211 | ||
| 100 | |a Fang Ting-Wang De Fu | ||
| 245 | 0 | |a High-scoring ielts writing model answers (based on past papers) | |
| 245 | 0 | |c Fang Ting-Wang De Fu ; Lê Huy Lâm (Chuyển ngữ phần chú giải) | |
| 260 | |a Thành phố Hồ Chí Minh | ||
| 260 | |b Tổng hợp | ||
| 260 | |c 2014 | ||
| 520 | |a High-scoring IELTS Writing Model Answers (Based On Past Papers) High-scoring IELTS Writing Model Answers has the follow-ing important features:1. Selected IELTS actual tests2. Model essays from experienced teachers3. Strategy transfer4 | ||
| 650 | |a English language,Vocabulary,Tiếng Anh,Từ vựng,Kỹ thuật viết,Từ vựng,Technical writing | ||
| 650 | |x Examinations,Kỳ thi | ||
| 904 | |i Tuyến | ||
| 980 | |a Trung tâm Học liệu Trường Đại học Cần Thơ | ||